[Event "Landesklasse Ost 2011/2012"]
[Site "?"]
[Date "2011.04.29"]
[Round "9"]
[White "Stumm, Rainer"]
[Black "Kalisch, Michael"]
[Result "0-1"]
[WhiteElo "1587"]
[BlackElo "1926"]
[PlyCount "52"]
[EventDate "2011.??.??"]
[WhiteTeam "SV Medizin Erfurt"]
[BlackTeam "ESV Lok Sömmerda"]

1. Nf3 d5 2. c4 e6 3. e3 Nf6 4. Nc3 Be7 5. b3 O-O 6. Bb2 c5 7. d4 Nc6 8. Be2 b6
9. O-O Bb7 10. Rc1 Rc8 11. Qd2 Ne4 12. Qc2 Nxc3 13. Bxc3 cxd4 14. Nxd4 Nxd4 15.
Bxd4 dxc4 16. bxc4 Bc5 17. Be5 Qg5 18. Bg3 e5 19. h4 Qe7 20. Qf5 Rce8 21. Rcd1
Bc6 22. Qd3 f5 23. e4 f4 24. Bh2 Qxh4 25. Qh3 Qxh3 26. gxh3 Bxe4 0-1

[Event "Landesklasse Ost 2011/2012"]
[Site "?"]
[Date "2011.04.29"]
[Round "9"]
[White "Kühn, Karsten"]
[Black "Schmidt, Uwe"]
[Result "1/2-1/2"]
[WhiteElo "1943"]
[BlackElo "1980"]
[PlyCount "28"]
[EventDate "2011.??.??"]
[WhiteTeam "ESV Lok Sömmerda"]
[BlackTeam "SV Medizin Erfurt"]

1. e4 e6 2. d3 c5 3. Nf3 Nc6 4. g3 d6 5. Bg2 Nf6 6. O-O Be7 7. Re1 Qc7 8. Nbd2
O-O 9. Nf1 b6 10. e5 dxe5 11. Nxe5 Bb7 12. Ng4 Nxg4 13. Qxg4 Bf6 14. Bf4 Qd7
1/2-1/2

[Event "Landesklasse Ost 2011/2012"]
[Site "?"]
[Date "2011.04.29"]
[Round "9"]
[White "Tangermann, Wilfried"]
[Black "Schwanke, Heinz"]
[Result "1-0"]
[WhiteElo "1589"]
[BlackElo "1323"]
[PlyCount "39"]
[EventDate "2011.??.??"]
[WhiteTeam "SV Medizin Erfurt"]
[BlackTeam "ESV Lok Sömmerda"]

1. e4 e5 2. Nf3 d6 3. d4 exd4 4. Nxd4 Bd7 5. Nc3 Ne7 6. Bc4 Ng6 7. O-O Ne5 8.
Bb3 Bg4 9. Qe1 Nbc6 10. Ba4 Bd7 11. Nf5 Qf6 12. Nd5 Qd8 13. f4 Bxf5 14. exf5
Be7 15. Nxe7 Qxe7 16. fxe5 dxe5 17. Qe4 O-O 18. Be3 Rfd8 19. Rad1 Rd6 20. Bc5
1-0

[Event "Landesklasse Ost 2011/2012"]
[Site "?"]
[Date "2011.04.29"]
[Round "9"]
[White "Orth, Uwe"]
[Black "Willert, Frank"]
[Result "0-1"]
[WhiteElo "873"]
[BlackElo "1466"]
[PlyCount "94"]
[EventDate "2011.??.??"]
[WhiteTeam "ESV Lok Sömmerda"]
[BlackTeam "SV Medizin Erfurt"]

1. d4 d5 2. c4 c6 3. Nc3 Nf6 4. Nf3 e6 5. Bf4 Bd6 6. Bg5 Nbd7 7. e4 dxe4 8.
Nxe4 Bb4+ 9. Bd2 Bxd2+ 10. Nexd2 Qc7 11. Bd3 O-O 12. Nb3 e5 13. Be2 exd4 14.
Nbxd4 Ne5 15. O-O Nxf3+ 16. Nxf3 Bf5 17. Qb3 Rfe8 18. Nd4 Bg6 19. Rad1 Rad8 20.
f4 h6 21. f5 Bh5 22. Bxh5 Nxh5 23. c5 Re4 24. Qc3 Nf4 25. Rfe1 Ne2+ 26. Nxe2
Rxd1 27. Rxd1 Rxe2 28. Qg3 Qxg3 29. hxg3 Rxb2 30. Rd8+ Kh7 31. Rd7 Rxa2 32.
Rxf7 Kg8 33. Rxb7 Ra5 34. Rb8+ Kf7 35. Rb7+ Kf6 36. Kh2 Rxc5 37. Rxa7 Rxf5 38.
Ra6 Rc5 39. g4 Kg5 40. Kg3 Rc3+ 41. Kf2 Kxg4 42. Ra4+ Kf5 43. Ra5+ Ke6 44. Ra7
g6 45. Rg7 Kf6 46. Rh7 h5 47. g3 c5 0-1

[Event "Landesklasse Ost 2011/2012"]
[Site "?"]
[Date "2011.04.29"]
[Round "9"]
[White "Streltsyn, Grygoriy"]
[Black "Klebe, Jan"]
[Result "1-0"]
[WhiteElo "2125"]
[BlackElo "1930"]
[PlyCount "63"]
[EventDate "2011.??.??"]
[WhiteTeam "Erfurter Schachklub"]
[BlackTeam "MTV 1876 Saalfeld"]

1. d4 g6 2. e4 Bg7 3. Be3 d6 4. Nc3 a6 5. Be2 Nd7 6. Qd2 b5 7. a4 b4 8. Nd1 Rb8
9. Bc4 c6 10. f3 e6 11. Ne2 d5 12. Bb3 a5 13. Nf2 Ba6 14. g4 h6 15. h4 Ne7 16.
h5 Bxe2 17. Kxe2 g5 18. f4 f6 19. e5 gxf4 20. exf6 Nxf6 21. Bxf4 Rb7 22. Rae1
c5 23. dxc5 Nc6 24. Kd1 Qd7 25. g5 hxg5 26. Bxg5 Nh7 27. Bf4 Bxb2 28. Qxd5
Qxd5+ 29. Bxd5 Rd7 30. Rxe6+ Ne7 31. Bd6 Nf6 32. Bc6 1-0

[Event "Landesklasse Ost 2011/2012"]
[Site "?"]
[Date "2011.04.29"]
[Round "9"]
[White "Liebisch, Dieter"]
[Black "Troyke, Doreen"]
[Result "1/2-1/2"]
[WhiteElo "1963"]
[BlackElo "2046"]
[PlyCount "101"]
[EventDate "2011.??.??"]
[WhiteTeam "MTV 1876 Saalfeld"]
[BlackTeam "Erfurter Schachklub"]

1. d4 d5 2. Bf4 Nf6 3. e3 e6 4. Bd3 c5 5. c3 Nc6 6. Nf3 Bd6 7. g3 O-O 8. Nbd2
cxd4 9. cxd4 Qe7 10. Ne5 Bxe5 11. dxe5 Nd7 12. Nf3 Qb4+ 13. Kf1 h6 14. Rc1 Qxb2
15. Rc2 Qa3 16. Qd2 Nb4 17. Rc3 Qxa2 18. Rc2 Nxc2 19. Bxc2 Qa3 20. g4 Nc5 21.
g5 Ne4 22. Qe2 b6 23. Kg2 Ba6 24. Qd1 hxg5 25. Nxg5 Nxg5 26. Bxg5 Rfc8 27. Bb1
Rc3 28. Qg4 Bd3 29. Bxd3 Rxd3 30. Bf6 Qf8 31. Kf3 Rc8 32. Rg1 Rc4 33. Qh5 d4
34. Qh6 Qa8+ 35. Ke2 Rd2+ 36. Kxd2 dxe3+ 37. Ke2 Rc2+ 38. Kxe3 Rc3+ 39. Kd2
Qd5+ 40. Kxc3 Qc5+ 41. Kd3 Qd5+ 42. Ke2 Qb5+ 43. Kd1 Qb3+ 44. Ke2 Qb5+ 45. Ke3
Qc5+ 46. Ke2 Qb5+ 47. Ke1 Qb1+ 48. Ke2 Qb5+ 49. Kd1 Qb3+ 50. Ke1 Qb1+ 51. Ke2
1/2-1/2

[Event "Landesklasse Ost 2011/2012"]
[Site "?"]
[Date "2011.04.29"]
[Round "9"]
[White "Fischer, Dieter"]
[Black "Petzold, Thomas"]
[Result "1-0"]
[WhiteElo "1954"]
[BlackElo "1886"]
[PlyCount "111"]
[EventDate "2011.??.??"]
[WhiteTeam "Erfurter Schachklub"]
[BlackTeam "MTV 1876 Saalfeld"]

1. e4 c5 2. Nc3 g6 3. f4 Bg7 4. Nf3 Nc6 5. Bc4 e6 6. f5 Nge7 7. fxe6 fxe6 8.
O-O O-O 9. d3 d5 10. Bb3 h6 11. Qe1 Nd4 12. Nxd4 cxd4 13. Rxf8+ Qxf8 14. Ne2
dxe4 15. dxe4 Kh7 16. Bd2 Nc6 17. Qg3 e5 18. Rf1 Qd6 19. Rf7 Nd8 20. Rf1 Be6
21. Nc1 Bxb3 22. Qxb3 Qc6 23. Qd3 Ne6 24. Nb3 b5 25. g3 Rc8 26. Rc1 Qc4 27. Kf2
Bf6 28. Na5 Qxd3 29. cxd3 Rxc1 30. Bxc1 Nc5 31. Ke2 Na4 32. Nc6 a6 33. Nb8 Nc5
34. b4 Na4 35. Bd2 Bg5 36. Bxg5 Nc3+ 37. Kf3 hxg5 38. a3 Nb1 39. Nxa6 Nxa3 40.
Nc7 Nc2 41. Nd5 Kg7 42. Ke2 g4 43. Kd2 Ne3 44. Nxe3 dxe3+ 45. Kxe3 Kf6 46. d4
Ke6 47. dxe5 Kxe5 48. Kd3 Kd6 49. Kd4 Ke6 50. e5 Ke7 51. Kd5 Kd7 52. e6+ Ke7
53. Ke5 Ke8 54. Kf6 Kf8 55. e7+ Ke8 56. Ke6 1-0

[Event "Landesklasse Ost 2011/2012"]
[Site "?"]
[Date "2011.04.29"]
[Round "9"]
[White "Krämer, Alexander"]
[Black "August, Christian"]
[Result "0-1"]
[WhiteElo "1871"]
[BlackElo "1942"]
[PlyCount "56"]
[EventDate "2011.??.??"]
[WhiteTeam "MTV 1876 Saalfeld"]
[BlackTeam "Erfurter Schachklub"]

1. d4 e6 2. c4 Nf6 3. Nf3 Bb4+ 4. Bd2 Bxd2+ 5. Nbxd2 d5 6. e3 c5 7. Rc1 cxd4 8.
Nxd4 O-O 9. Be2 e5 10. N4f3 Nc6 11. cxd5 Nxd5 12. O-O Be6 13. a3 Qe7 14. Qc2
Rac8 15. Qb1 f5 16. Rfd1 e4 17. Ne1 Rf6 18. Bc4 Nc7 19. Qa2 Rcf8 20. Nf1 Kh8
21. Bxe6 Nxe6 22. Qd5 Rh6 23. Qd7 Qh4 24. Qxb7 Ncd8 25. Qd5 Nf7 26. Qd7 Ne5 27.
Qd6 Ng4 28. f3 Qf2+ 0-1

[Event "Landesklasse Ost 2011/2012"]
[Site "?"]
[Date "2011.04.29"]
[Round "9"]
[White "Rosenhan, Jonas"]
[Black "Wagner, Ronald"]
[Result "0-1"]
[WhiteElo "1632"]
[BlackElo "1761"]
[PlyCount "78"]
[EventDate "2011.??.??"]
[WhiteTeam "Erfurter Schachklub"]
[BlackTeam "MTV 1876 Saalfeld"]

1. Nc3 c5 2. Nf3 Nf6 3. d4 e6 4. e4 cxd4 5. Nxd4 a6 6. Bd3 Qc7 7. O-O b5 8.
Nce2 Bb7 9. Ng3 Be7 10. Kh1 O-O 11. f4 d6 12. Nf3 Nbd7 13. f5 e5 14. Ng5 d5 15.
Qe2 Rfe8 16. exd5 Bxd5 17. N5e4 Nxe4 18. Nxe4 Nf6 19. Nc3 Bb7 20. Bg5 Qc6 21.
Bxf6 Bxf6 22. Nxb5 e4 23. Bc4 Rec8 24. Qh5 axb5 25. Bxf7+ Kh8 26. Rfe1 Qxc2 27.
Re3 h6 28. Qg6 Qf2 29. Ree1 Qd2 30. Be6 Rc2 31. Rg1 Rf8 32. Qg3 Qf2 33. Qa3 Qc5
34. Qg3 e3 35. h3 Qe5 36. Qg4 Bd8 37. h4 Bc7 38. Qh3 e2 39. Rab1 Qg3 0-1

[Event "Landesklasse Ost 2011/2012"]
[Site "?"]
[Date "2011.04.29"]
[Round "9"]
[White "Meichsner, Marwin"]
[Black "Bellmann, Daniel"]
[Result "0-1"]
[WhiteElo "1490"]
[BlackElo "1680"]
[PlyCount "116"]
[EventDate "2011.??.??"]
[WhiteTeam "Erfurter Schachklub"]
[BlackTeam "MTV 1876 Saalfeld"]

1. d4 d5 2. c4 e6 3. cxd5 exd5 4. Nc3 Nf6 5. Bg5 Be7 6. Nf3 O-O 7. e3 c6 8. Bd3
Bg4 9. Qc2 Bxf3 10. Bxf6 Bxf6 11. gxf3 g6 12. O-O-O a5 13. Rdg1 Na6 14. a3 b5
15. Rg2 b4 16. Na4 bxa3 17. bxa3 Qd6 18. Nc5 Nxc5 19. dxc5 Qe5 20. Kd2 Rab8 21.
f4 Qe7 22. Kd1 Rb2 23. Qc1 Rfb8 24. f5 Ra2 25. fxg6 fxg6 26. Rhg1 Rbb2 27. e4
Rd2+ 28. Qxd2 Rxd2+ 29. Kxd2 Qxc5 30. exd5 Qc3+ 31. Ke2 cxd5 32. Rb1 Qxa3 33.
Rg3 Qa2+ 34. Kf3 Qd2 35. Rb8+ Kg7 36. Rb7+ Kg8 37. Rb8+ Kf7 38. Rb7+ Ke6 39.
Kg2 Bd4 40. Rf3 Bxf2 41. Rxf2 Qxd3 42. Rxh7 a4 43. Rh3 Qc4 44. Re3+ Kd6 45. Rd2
g5 46. Red3 Kc5 47. Kf2 Qf4+ 48. Ke1 d4 49. Kd1 Kc4 50. Ra3 Qg4+ 51. Kc1 Qd7
52. Rad3 g4 53. Kd1 Qd6 54. Kc1 a3 55. Rg3 d3 56. Rxg4+ Kb3 57. Rg3 Qc6+ 58.
Kd1 Qh1+ 0-1

[Event "Landesklasse Ost 2011/2012"]
[Site "?"]
[Date "2011.04.29"]
[Round "9"]
[White "Siebert, Ralf"]
[Black "Steinacker, Ronald"]
[Result "1/2-1/2"]
[WhiteElo "1570"]
[BlackElo "1632"]
[PlyCount "104"]
[EventDate "2011.??.??"]
[WhiteTeam "MTV 1876 Saalfeld"]
[BlackTeam "Erfurter Schachklub"]

1. e3 e5 2. b3 d6 3. Bb2 Be7 4. Nc3 Nf6 5. Nge2 O-O 6. Ng3 Be6 7. Nce4 Nxe4 8.
Nxe4 Nd7 9. d4 d5 10. Nc3 e4 11. Qd2 c6 12. Be2 Bd6 13. O-O-O f5 14. g3 Qe7 15.
Rhf1 b5 16. f3 b4 17. Na4 Rab8 18. fxe4 fxe4 19. Rxf8+ Rxf8 20. Bf1 Qd8 21. Qe2
Qc7 22. Bg2 Nf6 23. Rf1 Nd7 24. Rxf8+ Bxf8 25. Kb1 Bd6 26. Bc1 Nb6 27. Nc5 Bxc5
28. dxc5 Nd7 29. Qd2 Qb7 30. Qd4 a5 31. Bb2 Nf6 32. h3 Qc7 33. Qe5 Qxe5 34.
Bxe5 Nd7 35. Bd6 Kf7 36. Kc1 Ke8 37. Bc7 a4 38. bxa4 Nxc5 39. a5 Na6 40. Bb6 c5
41. Bf1 c4 42. Kb2 Kd7 43. c3 bxc3+ 44. Kxc3 Kc6 45. g4 Kb5 46. Be2 Nb4 47. a3
Nc6 48. h4 Nxa5 49. Bd4 g6 50. Bd1 Nc6 51. Bg7 Bd7 52. g5 Ne7 1/2-1/2

[Event "Landesklasse Ost 2011/2012"]
[Site "?"]
[Date "2011.04.29"]
[Round "9"]
[White "Lorenz, Nicole"]
[Black "Schawelka, Karl"]
[Result "1/2-1/2"]
[WhiteElo "1835"]
[BlackElo "1941"]
[PlyCount "95"]
[EventDate "2011.??.??"]
[WhiteTeam "SV Schott Jena"]
[BlackTeam "SSV Vimaria 91 Weimar"]

1. e4 c6 2. d4 d5 3. e5 g6 4. f4 h5 5. Nf3 Bg4 6. h3 Bxf3 7. Qxf3 e6 8. g3 Nh6
9. Nc3 Qb6 10. Ne2 c5 11. Qb3 Nc6 12. dxc5 Bxc5 13. Qxb6 Bxb6 14. c3 O-O-O 15.
Bg2 Nf5 16. Bd2 d4 17. Bxc6 bxc6 18. cxd4 Bxd4 19. O-O-O Bf2 20. Be1 Rxd1+ 21.
Kxd1 Rd8+ 22. Kc2 Bb6 23. Bc3 Rd5 24. Kc1 Be3+ 25. Kb1 Bf2 26. g4 Ne3 27. gxh5
gxh5 28. Bd4 c5 29. Rc1 Nd1 30. Bxc5 Bxc5 31. b4 Kb7 32. bxc5 Kc6 33. Ng3 h4
34. Ne4 Rd4 35. Nd6 Nf2 36. Nxf7 Nxh3 37. Ng5 Nxf4 38. Rh1 Rb4+ 39. Ka1 Kxc5
40. Rxh4 Kd5 41. Nf7 Nd3 42. Rh8 Nxe5 43. Rd8+ Ke4 44. Nd6+ Kf4 45. Re8 Rb6 46.
Rxe6 Nf3 47. Rf6+ Ke5 48. Rxf3 1/2-1/2

[Event "Landesklasse Ost 2011/2012"]
[Site "?"]
[Date "2011.04.29"]
[Round "9"]
[White "Scheitz, Michael"]
[Black "Holtz, Peter"]
[Result "1-0"]
[WhiteElo "1890"]
[BlackElo "1773"]
[PlyCount "67"]
[EventDate "2011.??.??"]
[WhiteTeam "SSV Vimaria 91 Weimar"]
[BlackTeam "SV Schott Jena"]

1. d4 d5 2. Nf3 e6 3. c4 f5 4. Bf4 c6 5. e3 Nf6 6. Nc3 Be7 7. Qc2 O-O 8. Bd3
Ne4 9. g4 Na6 10. a3 Bd6 11. Bxd6 Qxd6 12. gxf5 exf5 13. Ne5 Nc7 14. f3 Nxc3
15. bxc3 b6 16. O-O Be6 17. Kh1 dxc4 18. Nxc4 Bxc4 19. Bxc4+ Kh8 20. e4 fxe4
21. fxe4 Rxf1+ 22. Bxf1 c5 23. Bg2 Rd8 24. d5 Qe5 25. Rf1 Nb5 26. Rf5 Qxc3 27.
Qxc3 Nxc3 28. d6 g6 29. Rf6 Kg7 30. Re6 Rd7 31. e5 Ne2 32. Bd5 Kf8 33. Rf6+ Kg7
34. e6 1-0

[Event "Landesklasse Ost 2011/2012"]
[Site "?"]
[Date "2011.04.29"]
[Round "9"]
[White "Schulz, Uwe"]
[Black "Vogel, Steffen"]
[Result "0-1"]
[WhiteElo "1719"]
[BlackElo "1804"]
[PlyCount "44"]
[EventDate "2011.??.??"]
[WhiteTeam "SV Schott Jena"]
[BlackTeam "SSV Vimaria 91 Weimar"]

1. Nf3 Nf6 2. d4 d5 3. c4 c6 4. cxd5 cxd5 5. Nc3 e6 6. Bg5 Nbd7 7. e3 Be7 8.
Bb5 a6 9. Bxd7+ Bxd7 10. O-O O-O 11. Ne5 Be8 12. a4 Nd7 13. Bxe7 Qxe7 14. Nxd7
Bxd7 15. Qb3 Bc6 16. a5 Rac8 17. Rfc1 Rc7 18. Rc2 Rfc8 19. Rac1 Be8 20. Kf1 Rc4
21. Ke1 Qc7 22. g3 Ba4 0-1

[Event "Landesklasse Ost 2011/2012"]
[Site "?"]
[Date "2011.04.29"]
[Round "9"]
[White "Flechsig, Bernd"]
[Black "Latka, Robert"]
[Result "1/2-1/2"]
[WhiteElo "1692"]
[BlackElo "1525"]
[PlyCount "34"]
[EventDate "2011.??.??"]
[WhiteTeam "SV Schott Jena"]
[BlackTeam "SSV Vimaria 91 Weimar"]

1. e4 c5 2. Nf3 Nc6 3. g3 g6 4. Bg2 Bg7 5. d3 d6 6. c3 Nf6 7. O-O O-O 8. Ng5
Bd7 9. f4 b5 10. Na3 Rb8 11. Nc2 b4 12. c4 e5 13. h3 Nh5 14. Kh2 exf4 15. gxf4
a5 16. Rb1 a4 17. b3 Qa5 1/2-1/2

[Event "Landesklasse Ost 2011/2012"]
[Site "?"]
[Date "2011.04.29"]
[Round "9"]
[White "Anschütz, Mario"]
[Black "Mauch, Johannes"]
[Result "1-0"]
[WhiteElo "1809"]
[BlackElo "1565"]
[PlyCount "52"]
[EventDate "2011.??.??"]
[WhiteTeam "SSV Vimaria 91 Weimar"]
[BlackTeam "SV Schott Jena"]

1. d4 Nf6 2. c4 g6 3. Nc3 Bg7 4. e4 d6 5. f4 O-O 6. Nf3 Nfd7 7. Be2 c5 8. d5
Nb6 9. O-O e6 10. a4 exd5 11. exd5 Bd7 12. a5 Nc8 13. Bd3 Na6 14. f5 Nb4 15.
Bb1 Ne7 16. Bg5 Bh8 17. f6 Nf5 18. g4 h6 19. Bc1 Nd4 20. Nxd4 cxd4 21. Qxd4 Kh7
22. Qf4 Kg8 23. Qxh6 Bxf6 24. Bxg6 fxg6 25. Qxg6+ Kh8 26. Be3 Nc2 1-0

[Event "Landesklasse Ost 2011/2012"]
[Site "?"]
[Date "2011.04.29"]
[Round "9"]
[White "Köhler, Daniel"]
[Black "Gräf, Michael"]
[Result "0-1"]
[WhiteElo "1454"]
[BlackElo "1785"]
[PlyCount "60"]
[EventDate "2011.??.??"]
[WhiteTeam "SV Schott Jena"]
[BlackTeam "SSV Vimaria 91 Weimar"]

1. e4 e6 2. d4 d5 3. exd5 exd5 4. c4 c6 5. Nf3 Nf6 6. Nc3 Bb4 7. a3 Bxc3+ 8.
bxc3 Qa5 9. Qc2 O-O 10. cxd5 Bf5 11. Bd3 Bxd3 12. Qxd3 Nxd5 13. O-O Qxc3 14.
Qxc3 Nxc3 15. Re1 Nd5 16. Rb1 b6 17. Rb2 Nd7 18. Ne5 Nxe5 19. Rxe5 Rfe8 20.
Rbe2 Kf8 21. a4 f6 22. Ba3+ Kf7 23. R5e4 Rxe4 24. Rxe4 Re8 25. Rxe8 Kxe8 26.
Bb2 Kd7 27. g3 Ke6 28. Kg2 Nb4 29. f4 Kd5 30. Kf3 Nc2 0-1

[Event "Landesklasse Ost 2011/2012"]
[Site "?"]
[Date "2011.04.29"]
[Round "9"]
[White "Petigk, Falk"]
[Black "Glöckner, Helene"]
[Result "1-0"]
[WhiteElo "1650"]
[BlackElo "1170"]
[PlyCount "81"]
[EventDate "2011.??.??"]
[WhiteTeam "SSV Vimaria 91 Weimar"]
[BlackTeam "SV Schott Jena"]

1. e4 c5 2. Nf3 Nc6 3. d4 cxd4 4. Nxd4 g6 5. c4 Bg7 6. Be3 d6 7. Nc3 Nf6 8. Be2
O-O 9. O-O Kh8 10. f4 Ng8 11. Nf3 Nh6 12. h3 f6 13. Qd2 f5 14. Rad1 fxe4 15.
Nxe4 Nf5 16. Bf2 Be6 17. g4 Nh6 18. Nd4 Bd7 19. Ng5 Qa5 20. Nde6 Qxd2 21. Rxd2
Bxe6 22. Nxe6 Rf7 23. Nxg7 Kxg7 24. Be3 Ng8 25. g5 h6 26. h4 Re8 27. Bg4 a6 28.
Be6 Rff8 29. Bb6 Kh7 30. Rdf2 Kg7 31. Kg2 Ra8 32. f5 hxg5 33. hxg5 gxf5 34.
Rxf5 Rxf5 35. Rxf5 Nb4 36. a3 Nc2 37. Kg3 Kg6 38. Kg4 a5 39. Rxa5 Re8 40. Rf5
Ne1 41. Bf7+ 1-0

[Event "Landesklasse Ost 2011/2012"]
[Site "?"]
[Date "2011.04.29"]
[Round "9"]
[White "Mißbach, Bernd"]
[Black "Sack, Matthias"]
[Result "1/2-1/2"]
[WhiteElo "1954"]
[BlackElo "1972"]
[PlyCount "30"]
[EventDate "2011.??.??"]
[WhiteTeam "SV Jenapharm Jena"]
[BlackTeam "SV Hermsdorf"]

1. Nf3 Nf6 2. g3 Nc6 3. d4 e6 4. Bg2 d5 5. O-O Be7 6. Nbd2 O-O 7. c4 a5 8. a3
a4 9. Re1 Ne4 10. e3 Bd7 11. Nxe4 dxe4 12. Nd2 f5 13. b4 axb3 14. Nxb3 Na5 15.
Nxa5 Rxa5 1/2-1/2

[Event "Landesklasse Ost 2011/2012"]
[Site "?"]
[Date "2011.04.29"]
[Round "9"]
[White "Moje, Hans-Jürgen"]
[Black "Rauhut, Frank"]
[Result "1-0"]
[WhiteElo "1833"]
[BlackElo "1920"]
[PlyCount "89"]
[EventDate "2011.??.??"]
[WhiteTeam "SV Hermsdorf"]
[BlackTeam "SV Jenapharm Jena"]

1. e4 g6 2. d4 Bg7 3. Bc4 c5 4. dxc5 Qa5+ 5. Qd2 Qxc5 6. Qd5 Qxd5 7. exd5 d6 8.
Nf3 Na6 9. c3 Nf6 10. O-O Nc7 11. Rd1 b5 12. Be2 Bb7 13. a4 a6 14. axb5 axb5
15. Rxa8+ Bxa8 16. Na3 b4 17. cxb4 Nfxd5 18. b5 O-O 19. Nd4 Rc8 20. Nc6 Kf8 21.
h3 Nb6 22. b3 Nbd5 23. Bf3 Nc3 24. Re1 Ne6 25. Na7 Rb8 26. Bxa8 Rxa8 27. b6 Rb8
28. Be3 Nd8 29. Nc4 Nd5 30. Rd1 Nxe3 31. fxe3 Bc3 32. Rd5 Bb4 33. Rb5 Bc5 34.
b4 d5 35. bxc5 dxc4 36. Kf1 Ke8 37. c6 Nxc6 38. Nxc6 Rb7 39. Na5 Rb8 40. Nxc4
Kd7 41. Rc5 Rb7 42. Kf2 f6 43. Ke2 Kd8 44. Kd3 Kd7 45. Kc3 1-0

[Event "Landesklasse Ost 2011/2012"]
[Site "?"]
[Date "2011.04.29"]
[Round "9"]
[White "Skarus, Steffen"]
[Black "Hadlich, Gerald"]
[Result "1/2-1/2"]
[WhiteElo "1873"]
[BlackElo "1844"]
[PlyCount "100"]
[EventDate "2011.??.??"]
[WhiteTeam "SV Jenapharm Jena"]
[BlackTeam "SV Hermsdorf"]

1. c4 f5 2. g3 Nf6 3. Bg2 d6 4. Nc3 g6 5. e4 fxe4 6. Nxe4 Nxe4 7. Bxe4 Bg7 8.
d4 Nc6 9. Be3 O-O 10. h4 Bf5 11. Bd5+ Kh8 12. g4 Nb4 13. gxf5 Nxd5 14. cxd5
Rxf5 15. Nf3 c5 16. h5 cxd4 17. Bxd4 Qa5+ 18. Kf1 Qxd5 19. Bxg7+ Kxg7 20. Qxd5
Rxd5 21. h6+ Kf6 22. Rc1 Rc5 23. Rxc5 dxc5 24. Rg1 Rd8 25. Ke2 Rd5 26. Rg4 b5
27. Ke3 Rh5 28. Rf4+ Ke6 29. Rh4 Rd5 30. Ke4 a6 31. Rg4 Rh5 32. Ng5+ Kd6 33. f4
b4 34. Rg3 Rh1 35. Rh3 Re1+ 36. Kf3 c4 37. Rh2 Rb1 38. Nxh7 c3 39. bxc3 bxc3
40. Rc2 Rh1 41. Ng5 Kd5 42. h7 Kc4 43. Ke3 Re1+ 44. Re2 Rh1 45. Rg2 Re1+ 46.
Kf3 Rh1 47. Kg4 Rh6 48. Nf7 Rxh7 49. Ne5+ Kd4 50. Nxg6 Kd3 1/2-1/2

[Event "Landesklasse Ost 2011/2012"]
[Site "?"]
[Date "2011.04.29"]
[Round "9"]
[White "Pietzsch, Gerhard"]
[Black "Böhm, Christian"]
[Result "1/2-1/2"]
[WhiteElo "1787"]
[BlackElo "1844"]
[PlyCount "134"]
[EventDate "2011.??.??"]
[WhiteTeam "SV Hermsdorf"]
[BlackTeam "SV Jenapharm Jena"]

1. e4 d6 2. d4 Nf6 3. Nc3 c6 4. Be2 Nbd7 5. Nf3 e5 6. O-O Be7 7. h3 b5 8. a3
Bb7 9. dxe5 dxe5 10. Be3 O-O 11. Qd2 Qc7 12. Rfd1 Rfd8 13. Qe1 a5 14. Nd2 Nf8
15. f3 Ne6 16. Qf2 Nd4 17. Bd3 Bc5 18. Nb3 Nxb3 19. cxb3 Bxe3 20. Qxe3 Qe7 21.
Rac1 Nd7 22. Na2 Nf8 23. b4 Ne6 24. bxa5 Rxa5 25. Nc3 Nd4 26. Ne2 c5 27. Nxd4
exd4 28. Qe1 Rda8 29. b4 cxb4 30. axb4 Ra4 31. Rc5 Ra2 32. Bxb5 Qd6 33. Bc4 Rb2
34. Bd5 Bxd5 35. Rxd5 Qxb4 36. Qxb4 Rxb4 37. R5xd4 Rxd4 38. Rxd4 h5 39. h4 Ra3
40. Rd5 g6 41. Kh2 Kg7 42. Kg3 Kf6 43. Kf4 Ra2 44. g3 Ra3 45. g4 hxg4 46. Kxg4
Ra4 47. h5 gxh5+ 48. Rxh5 Kg6 49. Rc5 f6 50. Rc6 Rb4 51. Re6 Kf7 52. Kf5 Rb5+
53. e5 fxe5 54. Rxe5 Rb6 55. f4 Rc6 56. Ra5 Rb6 57. Ra7+ Kf8 58. Kg5 Rc6 59. f5
Rb6 60. Rh7 Ra6 61. Rh8+ Kg7 62. Rb8 Rc6 63. Re8 Ra6 64. Re6 Ra5 65. Re7+ Kf8
66. Rb7 Ra6 67. f6 Ra1 1/2-1/2

[Event "Landesklasse Ost 2011/2012"]
[Site "?"]
[Date "2011.04.29"]
[Round "9"]
[White "Wolf, Isaak"]
[Black "Plötner, Jens"]
[Result "1-0"]
[WhiteElo "1871"]
[BlackElo "1769"]
[PlyCount "53"]
[EventDate "2011.??.??"]
[WhiteTeam "SV Jenapharm Jena"]
[BlackTeam "SV Hermsdorf"]

1. e4 c6 2. d4 d5 3. exd5 cxd5 4. Nf3 Nf6 5. c4 dxc4 6. Bxc4 e6 7. O-O Be7 8.
Nc3 O-O 9. Bf4 a6 10. d5 exd5 11. Nxd5 Nxd5 12. Qxd5 Qxd5 13. Bxd5 Nd7 14. Ne5
Nf6 15. Bf3 h6 16. h3 a5 17. Rfd1 Be6 18. b3 g5 19. Bg3 Ra7 20. Rac1 Bd8 21.
Rc5 a4 22. Rb5 axb3 23. axb3 Ra3 24. Nc4 Bxc4 25. bxc4 b6 26. Bd6 Re8 27. Bxa3
1-0

[Event "Landesklasse Ost 2011/2012"]
[Site "?"]
[Date "2011.04.29"]
[Round "9"]
[White "Hädrich, Dirk"]
[Black "Jung, Florian"]
[Result "1/2-1/2"]
[WhiteElo "1766"]
[BlackElo "1819"]
[PlyCount "135"]
[EventDate "2011.??.??"]
[WhiteTeam "SV Hermsdorf"]
[BlackTeam "SV Jenapharm Jena"]

1. d4 Nf6 2. Nd2 d5 3. e3 Bf5 4. Bd3 Bg6 5. f4 e6 6. Ngf3 Nbd7 7. Qe2 c5 8. c3
Be7 9. O-O cxd4 10. exd4 Qb6 11. Ne5 Bxd3 12. Qxd3 O-O 13. Kh1 Qd6 14. Qe2 Ne8
15. Ndf3 Nc7 16. Nxd7 Qxd7 17. Ne5 Qb5 18. Nd3 Rae8 19. Qf3 Bd6 20. Bd2 f6 21.
Qh3 Re7 22. Rae1 Qe8 23. g3 Qb5 24. Re3 Rfe8 25. Rfe1 Qc6 26. Kg1 Qd7 27. Bc1
a5 28. a3 Na8 29. g4 Nb6 30. R3e2 a4 31. Qg2 Qb5 32. Qf3 Nc4 33. h3 Qd7 34. f5
Kh8 35. fxe6 Rxe6 36. Kg2 Nb6 37. Bf4 Kg8 38. Bxd6 Qxd6 39. Nc5 Rxe2+ 40. Rxe2
Re7 41. Rxe7 Qxe7 42. Kf2 Kf7 43. Qe3 Nc4 44. Qxe7+ Kxe7 45. Nxa4 b5 46. Nc5
Nxb2 47. Ke2 Nc4 48. a4 bxa4 49. Nxa4 Nd6 50. Nc5 f5 51. gxf5 Nxf5 52. Kf3 Nd6
53. Ke3 g5 54. Nd3 Nb5 55. Kd2 Kf6 56. Ne5 Kf5 57. Kd3 Kf4 58. c4 dxc4+ 59.
Kxc4 Nc7 60. Nd7 h5 61. d5 Nxd5 62. Kxd5 g4 63. hxg4 hxg4 64. Ne5 g3 65. Nd3+
Kf3 66. Ne1+ Kf2 67. Ke4 Kxe1 68. Kf3 1/2-1/2

[Event "Landesklasse Ost 2011/2012"]
[Site "?"]
[Date "2011.04.29"]
[Round "9"]
[White "Wagner, Günther"]
[Black "Markowski, Erhard"]
[Result "1/2-1/2"]
[WhiteElo "1811"]
[BlackElo "1675"]
[PlyCount "49"]
[EventDate "2011.??.??"]
[WhiteTeam "SV Jenapharm Jena"]
[BlackTeam "SV Hermsdorf"]

1. e4 c5 2. Nf3 Nc6 3. Nc3 g6 4. d4 cxd4 5. Nxd4 Bg7 6. Be3 Nf6 7. Be2 O-O 8.
O-O d5 9. exd5 Nxd5 10. Nxd5 Qxd5 11. Bf3 Qd6 12. Nxc6 bxc6 13. Qxd6 exd6 14.
Bxc6 Rb8 15. Rab1 Bf5 16. Ba4 Rfc8 17. Bb3 Bxc2 18. Bxc2 Rxc2 19. Rbd1 Rcxb2
20. a4 R2b4 21. a5 R4b5 22. Bxa7 Ra8 23. Bb6 Bc3 24. Rxd6 Bxa5 25. Bxa5 1/2-1/2

[Event "Landesklasse Ost 2011/2012"]
[Site "?"]
[Date "2011.04.29"]
[Round "9"]
[White "Osterroth, Reinhard"]
[Black "Fauth, Frank"]
[Result "1-0"]
[WhiteElo "1824"]
[BlackElo "1754"]
[PlyCount "137"]
[EventDate "2011.??.??"]
[WhiteTeam "SV Hermsdorf"]
[BlackTeam "SV Jenapharm Jena"]

1. d4 Nf6 2. Nf3 g6 3. g3 Bg7 4. Bg2 O-O 5. O-O d5 6. c4 e6 7. Nc3 c6 8. Bg5 h6
9. Bf4 g5 10. Be5 Nbd7 11. Bd6 Re8 12. b3 Bf8 13. Bxf8 Kxf8 14. Ne5 Kg7 15. f4
Nxe5 16. fxe5 Nh7 17. e4 dxc4 18. bxc4 Qc7 19. Qf3 Re7 20. h4 Bd7 21. hxg5 hxg5
22. Kf2 f6 23. exf6+ Nxf6 24. e5 Nh7 25. Kg1 Rf8 26. Qe3 Ref7 27. Rxf7+ Rxf7
28. Be4 Qd8 29. Bxh7 Kxh7 30. Ne4 Rg7 31. Kg2 Kg6 32. Rf1 Rf7 33. Rxf7 Kxf7 34.
Nxg5+ Kg7 35. Ne4 Qe7 36. Nf6 Be8 37. Qg5+ Bg6 38. Qf4 b5 39. c5 Qd8 40. Ng4
Qd5+ 41. Kg1 Qd8 42. Kf2 a5 43. Qf6+ Qxf6+ 44. exf6+ Kf7 45. Ne5+ Kxf6 46. Nxc6
a4 47. a3 Be4 48. Nb4 Bd5 49. Ke3 Bc4 50. Kf4 Bf1 51. g4 Bg2 52. g5+ Ke7 53.
Ke5 Bh3 54. c6 Bg4 55. d5 exd5 56. Nxd5+ Kd8 57. Kd6 Bh3 58. Kc5 Bg2 59. Nb4
Bf1 60. Kb6 Kc8 61. c7 Bg2 62. g6 Bh3 63. Nd5 Kd7 64. Kxb5 Kd6 65. g7 Be6 66.
c8=Q Bxc8 67. g8=Q Be6 68. Qd8+ Ke5 69. Nc3 1-0